Mathematics for Machine Learning

Bewaard in:
Bibliografische gegevens
Hoofdauteur: peter deisenroth
Formaat: Boek
Gepubliceerd in: CUP
Tags: Voeg label toe
Geen labels, Wees de eerste die dit record labelt!

MARC

LEADER 00000nam a2200000Ia 4500
005 20260515061619.0
100 |a peter deisenroth 
020 |a 9781009108850 
942 |c BK 
245 |a Mathematics for Machine Learning 
260 |b CUP 
999 |c 95  |d 95 
952 |0 0  |1 0  |4 0  |7 0  |a ABDN  |b ABDN  |d 2026-05-15  |l 0  |p 000052  |r 2026-05-15 06:16:19  |w 2026-05-15  |y BK